Online
Catalog

Comprensión de Dostoiewsky : (Record no. 34185)

MARC details
000 -CABECERA
campo de control de longitud fija 00891nam a2200169 a 4500
001 - NÚMERO DE CONTROL
campo de control 000034694
005 - FECHA Y HORA DE LA ÚLTIMA TRANSACCIÓN
campo de control 20200930073838.0
008 - DATOS DE LONGITUD FIJA--INFORMACIÓN GENERAL
campo de control de longitud fija 111019s1935 sp 000 0 spa d
040 ## - FUENTE DE LA CATALOGACIÓN
Centro catalogador/agencia de origen DO-SdBNP
Lengua de catalogación spa
Centro/agencia transcriptor BNPHU
082 ## - NÚMERO DE LA CLASIFICACIÓN DECIMAL DEWEY
Número de clasificación 891.3
Número de documento/Ítem B142c
100 1# - ENTRADA PRINCIPAL--NOMBRE DE PERSONA
Nombre de persona Baeza, Ricardo
Fechas asociadas al nombre 1890-1956
9 (RLIN) 43754
245 10 - MENCIÓN DE TÍTULO
Título Comprensión de Dostoiewsky :
Resto del título y otros ensayos /
Mención de responsabilidad, etc. Ricardo Baeza.
260 ## - PUBLICACIÓN, DISTRIBUCIÓN, ETC.
Lugar de publicación, distribución, etc. Barcelona, :
Nombre del editor, distribuidor, etc. Juventud,
Fecha de publicación, distribución, etc. 1935.
300 ## - DESCRIPCIÓN FÍSICA
Extensión 272 p. ;
Dimensiones 19 cm.
505 0# - NOTA DE CONTENIDO CON FORMATO
Nota de contenido con formato Feodor Dostoiewsky --
Título Pedro Kropotkin --
-- George Bernard Shaw --
-- H. G . Wells --
-- Emile Zola --
-- Gabriel Miró --
-- Azorín y la generación del 98 --
-- Delante del Profesor Einstein --
-- Samuel Butler, "dilettante" consumado --
-- Dadá --
-- Naturistas triunfantes --
-- Leyendo a Fray Luis --
-- Jorge Brandès, "Gran Europeo" --
-- Memoria de François de Curel --
-- En la muerte de en Joan Alcover
910 ## - DATOS DE OPCIÓN DEL USUARIO (OCLC)
Datos de opción del usuario Validado. Control de calidad MFF
Holdings
Estado de retiro Estado de pérdida Restricciones de uso No para préstamo Código de colección Localización permanente Ubicación/localización actual Ubicación en estantería Fecha de adquisición Número de inventario Total de préstamos Signatura topográfica completa Código de barras Fecha visto por última vez Precio válido a partir de Tipo de ítem Koha
      Excluido de préstamo Raros y valiosos General General Depósito 19.10.2011 LF1   891.3 B142c 34694-10 25.06.2020 25.06.2020 No se presta

Powered by Koha